00709nam a2200241Ia 4500003000400000005001700004008004100021020001500062040000700077041000800084082002300092100002900115245002400144250000600168260004700174300001800221365001300239650002300252906002600275942001200301999001900313952013500332OSt20230504154909.0210423s2004 xx 000 0 und d a8178088355 cAL aeng a621.38132 FLOT223 aFLOYD (Thomas L).997899 aElectronic devices. a6 aNew DelhibPearson Education Pvt Ltdc2004 axxiii,993bPB b395cINR aElectronics997900 adevices. ; Electronic 2ddccBK c162085d162085 001040708PHYaSACPGbSACPGd2012-10-08eAthulya Booksg395.00l0o621.38132 FLOTpPG008578r2022-08-24 00:00:00w2021-04-26yBK